Manchester Derby XIs 1992-2001 - Statistics

General Stats
  • This quiz has been taken 90 times
  • The average score is 28 of 77
Answer Stats
Answer % Correct
Ryan Giggs
96%
Gary Neville
93%
Peter Schmeichel
93%
Phil Neville
93%
David Beckham
91%
Eric Cantona
91%
Andy Cole
87%
Paul Scholes
87%
Dwight Yorke
83%
Roy Keane
83%
Denis Irwin
80%
Fabien Barthez
76%
Mark Hughes
76%
Steve Bruce
76%
Gary Pallister
72%
Nicky Butt
72%
Ole Gunnar Solskjær
72%
Paul Ince
72%
Teddy Sheringham
71%
Andrei Kanchelskis
67%
Jaap Stam
63%
Michael Brown
61%
Wes Brown
61%
Lee Sharpe
59%
Brian McClair
54%
Bryan Robson
54%
Paul Parker
53%
Niall Quinn
38%
Giorgi Kinkladze
36%
Tony Coton
36%
Uwe Rösler
34%
Nicky Weaver
30%
Terry Phelan
30%
Keith Curle
29%
Paul Dickov
29%
Richard Dunne
29%
David White
28%
Alf-Inge Haaland
26%
Shaun Wright-Phillips
26%
Nicky Summerbee
21%
Paulo Wanchope
21%
Gary Flitcroft
18%
Steve McMahon
18%
Eike Immel
17%
Michel Vonk
17%
Paul Walsh
17%
Steve Lomas
17%
Carlo Nash
14%
Steve Howey
14%
Danny Tiatto
13%
David Brightwell
13%
Ian Brightwell
13%
Peter Beagrie
13%
Peter Reid
13%
Richard Edghill
13%
Mike Sheron
12%
Nigel Clough
12%
Andy Dibble
11%
David Rocastle
11%
Jeff Whitley
11%
Luke Chadwick
11%
Andy Hill
9%
Rick Holden
9%
Kit Symons
8%
Mark Kennedy
8%
Maurizio Gaudino
8%
Michael Frontzeck
8%
Mikhail Kavelashvili
8%
Simon Tracey
8%
Spencer Prior
8%
Alan Kernaghan
7%
Fitzroy Simpson
7%
Gerard Wiekens
7%
Danny Granville
5%
Steffen Karl
5%
Laurent Charvet
4%
Tony Grant
3%
No matching quizzes found
Score Distribution
Percent of People with Each Score
Percentile by Number Answered
Your Score History
You have not taken this quiz